Budovanie rozvinutej socialistickej spoločnosti v ČSSR

Gespeichert in:
Bibliographische Detailangaben
1. Verfasser: Sládková, Mária
Weitere Verfasser: Duda, Anton
Format: Buch
Sprache:Slowakisch
Veröffentlicht: Bratislava Vysoká škola ekonomická 1987
Ausgabe:1. vyd.
Tags: Tag hinzufügen
Keine Tags, Fügen Sie das erste Tag hinzu!

MARC

LEADER 00000nam a2200000 4500
001 c023652
005 20221219094333.7
041 0 |a slo 
044 |a SK 
245 1 0 |a Budovanie rozvinutej socialistickej spoločnosti v ČSSR  |c Mária Sládková, Anton Duda 
250 |a 1. vyd. 
264 1 |a Bratislava  |b Vysoká škola ekonomická  |c 1987 
300 |a 129 s. 
100 1 |a Sládková, Mária 
700 1 |a Duda, Anton